| 000 | 00693nam a2200229 i 4500 | ||
|---|---|---|---|
| 001 | 48909 | ||
| 003 | ES-MaACL | ||
| 005 | 20250729081831.0 | ||
| 007 | t| | ||
| 008 | 030702s1982 sp |||| | spa d | ||
| 100 | 1 |
_aCordón, Faustino. _940557 |
|
| 245 | 1 | 3 |
_aLa evolución conjunta de los animales y su medio / _cFaustino Cordón. |
| 250 | _aEd. corr. y aum. | ||
| 260 |
_a[Barcelona] : _bAnthropos, _c1982. |
||
| 300 |
_a292 p. ; _c19 cm. |
||
| 490 | 1 | _aMonografías científicas F.I.B.E | |
| 650 | 4 |
_aEvolución. _912625 |
|
| 650 | 7 |
_aEvolucionismo _2embne _912629 |
|
| 830 | 0 |
_aMonografías científicas F.I.B.E _9182258 |
|
| 852 |
_aES-MaACL _jL-4382 |
||
| 999 |
_c48909 _d48909 |
||